| 000 | 00590nam a22001817a 4500 | ||
|---|---|---|---|
| 003 | CEME | ||
| 005 | 20210628202003.0 | ||
| 008 | 210222b xxu||||| |||| 00| 0 eng d | ||
| 020 | _a0-13-052317-8 | ||
| 040 | _c. | ||
| 082 | _a629.240288 HAL | ||
| 100 |
_aHalderman, James D _957722 |
||
| 245 | _aAutomotive chassis systems, brakes, steering, suspension, and alignment | ||
| 260 |
_aNEW JERSEY _bPRENTICE HALL _c1996 |
||
| 300 | _aXII,404P | ||
| 650 |
_aAUTOMOBILES CHASSIS AUTOMOBILES BRAKES AUTOMOBILES STEERING AUTOMOBILES SUSPENSION AUTOMOBILES ALIGNMENT _957723 |
||
| 942 |
_cBK _2ddc |
||
| 999 |
_c567993 _d567993 |
||